Statistics for 2014: NFL Teams with the Most Points

Click here to take the quiz!

General Stats

  • This quiz has been taken 13 times
  • The average score is 9 of 10

Answer Stats

Number of pointsNFL Team% Correct
486Green Bay Packers
100%
468New England Patriots
100%
394Seattle Seahawks
100%
467Dallas Cowboys
92%
482Denver Broncos
92%
401New Orleans Saints
92%
474Philadelphia Eagles
92%
436Pittsburgh Steelers
92%
409Baltimore Ravens
83%
458Indianapolis Colts
83%

Score Distribution

Percentile by Number Answered

Percent of People with Each Score

Your Score History

You have not taken this quiz